<A> magyarországi munkanélküliség néhány föbb jellemzöje. Adalékok az 1990. évi népszámlálas eredményeihez.

Posudzovanie skrytej nezamestnanosti v Maďarsku pred rokom 1990. Definícia nezamestnanosti pre potreby sčítania ľudu v roku 1990, objektívne a subjektívne hľadisko nezamestnanosti. Hľadanie práce, organizačné, morálne a finančné hľadisko. Úrady práce, ich funkcia a kompetencia. Nezamestnaní podľa po...

Ausführliche Beschreibung

Gespeichert in:
Bibliographische Detailangaben
1. Verfasser: Fóti, J.
Weitere Verfasser: Lakatos, M., Mészáros, Á.
Format: Buchkapitel
Sprache:Ungarisch
Schlagworte:
Tags: Tag hinzufügen
Keine Tags, Fügen Sie das erste Tag hinzu!

MARC

LEADER 00000naa a2200000 4500
001 r005869
005 20221125113925.4
041 0 |a hun 
044 |a HU 
245 1 0 |a <A> magyarországi munkanélküliség néhány föbb jellemzöje. Adalékok az 1990. évi népszámlálas eredményeihez.  |c J. Fóti, M. Lakatos, Á. Mészáros 
520 |a Posudzovanie skrytej nezamestnanosti v Maďarsku pred rokom 1990. Definícia nezamestnanosti pre potreby sčítania ľudu v roku 1990, objektívne a subjektívne hľadisko nezamestnanosti. Hľadanie práce, organizačné, morálne a finančné hľadisko. Úrady práce, ich funkcia a kompetencia. Nezamestnaní podľa pohlavia, veku a vzdelania. Počet nezamestnaných na 100 aktívne pracujúcich. Regionálne vrstvenie nezamestnaných. 
610 2 0 |a nezamestnanosť 
610 2 0 |a sčítanie ľudu 
610 2 0 |a 1990 
610 2 0 |a MR 
610 2 0 |a úrady 
610 2 0 |a štatistika síl pracovných 
100 1 |a Fóti, J. 
700 1 |a Lakatos, M. 
700 1 |a Mészáros, Á.